| 000 -LEADER |
| fixed length control field |
00340nam a22001457a 4500 |
| 008 - FIXED-LENGTH DATA ELEMENTS--GENERAL INFORMATION |
| fixed length control field |
210312b ||||| |||| 00| 0 eng d |
| 020 ## - INTERNATIONAL STANDARD BOOK NUMBER |
| International Standard Book Number |
2900321826298 |
| 041 ## - LANGUAGE CODE |
| Language code of text/sound track or separate title |
eng |
| 080 ## - UNIVERSAL DECIMAL CLASSIFICATION NUMBER |
| Edition identifier |
12th |
| Universal Decimal Classification number |
311 |
| 082 ## - DEWEY DECIMAL CLASSIFICATION NUMBER |
| Edition number |
12th |
| Classification number |
311 |
| 100 ## - Rafti |
| Rafti |
55 |
| 101 ## - Shkurtesa |
| Shkurtesa |
STA |
| 245 ## - TITLE STATEMENT |
| Title |
Statistics for Business and Economics |
| Statement of responsibility, etc |
Mcclave,T.J |
| 942 ## - ADDED ENTRY ELEMENTS (KOHA) |
| Source of classification or shelving scheme |
|
| Item type |
Books |